[Event "Calvia Amateur Open"]
[Site "Mallorca"]
[Date "2008.10.13"]
[Round "4.2"]
[White "Hutchinson, Paul A"]
[Black "Gaya Llodra, Juan"]
[Result "0-1"]
[WhiteElo "2213"]
[BlackElo "2257"]
[PlyCount "112"]
[EventDate "2008.10.10"]
[EventType "swiss"]
[EventRounds "9"]
[EventCountry "ESP"]

1. d4 Nf6 2. Nf3 g6 3. g3 Bg7 4. Bg2 O-O 5. c4 c6 6. O-O d5 7. Nc3 dxc4 8. Ne5
Ng4 9. Nxg4 Bxg4 10. h3 Be6 11. Be3 Qd7 12. Kh2 Rd8 13. Qa4 a5 14. Rad1 b5 15.
Qc2 Bd5 16. Bg5 Bxg2 17. Kxg2 Na6 18. Rd2 h6 19. Bf4 Nb4 20. Qc1 Nd5 21. Rdd1
Nxf4+ 22. gxf4 Qb7 23. Qe3 c5+ 24. d5 Bxc3 25. bxc3 Rxd5 26. Qf3 Rad8 27. Rd2
Qd7 28. Rb2 b4 29. Qe3 Rf5 30. Rc1 Qd5+ 31. f3 e5 32. Qe4 exf4 33. Qxd5 Rfxd5
34. cxb4 cxb4 35. Rxc4 Rd2 36. Rcc2 Rxc2 37. Rxc2 a4 38. Rb2 Rb8 39. Kf2 b3 40.
axb3 axb3 41. Ke1 Kg7 42. Kd2 Kf6 43. h4 g5 44. hxg5+ hxg5 45. Kc1 Ke5 46. Rd2
Rc8+ 47. Kb1 Rc2 48. Rd8 f5 49. Re8+ Kd4 50. Rg8 g4 51. fxg4 fxg4 52. Rxg4 Ke3
53. Rh4 Rxe2 54. Rh8 f3 55. Re8+ Kd2 56. Rf8 f2 0-1

[Event "Calvia Amateur Open"]
[Site "Mallorca"]
[Date "2008.10.13"]
[Round "4.3"]
[White "Eriksson 1941, Bo"]
[Black "Spence, David J"]
[Result "1/2-1/2"]
[WhiteElo "2115"]
[BlackElo "2214"]
[PlyCount "88"]
[EventDate "2008.10.10"]
[EventType "swiss"]
[EventRounds "9"]
[EventCountry "ESP"]

1. e4 e6 2. d4 d5 3. Nc3 Bb4 4. e5 c5 5. a3 Ba5 6. Bd2 Nc6 7. Nf3 cxd4 8. Nb5
Bc7 9. Nxc7+ Qxc7 10. Bf4 Nge7 11. Bd3 f5 12. Qe2 Ng6 13. g3 Qb6 14. O-O-O Bd7
15. Ng5 h6 16. Nf3 O-O-O 17. h4 Kb8 18. h5 Nge7 19. Qd2 Rc8 20. Be2 Na5 21. Qb4
Qc7 22. Nxd4 Nec6 23. Nb5 Nxb4 24. Nxc7 Nxc2 25. Kxc2 Rxc7+ 26. Kb1 Ba4 27. Rc1
Rxc1+ 28. Rxc1 Rc8 29. Rxc8+ Kxc8 30. Be3 Nc6 31. f4 Kd8 32. Kc1 Ke7 33. Kd2
Kf7 34. Kc3 a6 35. Bc5 g6 36. b3 Bb5 37. Bd1 g5 38. Be3 g4 39. a4 Bf1 40. Bb6
Ke8 41. Bc5 b5 42. b4 bxa4 43. Bxa4 Bb5 44. Bxb5 axb5 1/2-1/2

[Event "Calvia Amateur Open"]
[Site "Mallorca"]
[Date "2008.10.13"]
[Round "4.4"]
[White "Martinez Vicario, Jose Maria"]
[Black "Garcia Del Rey, Senen"]
[Result "1/2-1/2"]
[WhiteElo "2214"]
[BlackElo "2295"]
[PlyCount "80"]
[EventDate "2008.10.10"]
[EventType "swiss"]
[EventRounds "9"]
[EventCountry "ESP"]

1. e4 c5 2. Nc3 a6 3. g3 b5 4. Bg2 Bb7 5. d3 e6 6. Be3 Nf6 7. f4 Be7 8. Nh3 d5
9. e5 Nfd7 10. Qg4 O-O 11. Ne2 Nc6 12. O-O Nb4 13. Rfc1 Rc8 14. a3 Nc6 15. c3
Nb6 16. Rf1 d4 17. cxd4 cxd4 18. Bd2 Nd5 19. Be4 g6 20. Qf3 Na5 21. Bxa5 Qxa5
22. b4 Qc7 23. Rac1 Qb8 24. Nxd4 Rxc1 25. Rxc1 Rc8 26. Rc2 Rxc2 27. Nxc2 Qc7
28. Qf2 a5 29. Qd2 axb4 30. axb4 Qb6+ 31. Kf1 Nxb4 32. Bxb7 Nxc2 33. Qxc2 Qxb7
34. Nf2 Qd5 35. Ke2 Qc5 36. Qxc5 Bxc5 37. Ne4 Bd4 38. Kd2 Kg7 39. Kc2 h6 40.
Kb3 g5 1/2-1/2

[Event "Calvia Amateur Open"]
[Site "Mallorca"]
[Date "2008.10.13"]
[Round "4.5"]
[White "Lechado Artigues, Pedro"]
[Black "Barcelo Pujadas, Pedro Jose"]
[Result "1/2-1/2"]
[WhiteElo "2021"]
[BlackElo "2269"]
[PlyCount "68"]
[EventDate "2008.10.10"]
[EventType "swiss"]
[EventRounds "9"]
[EventCountry "ESP"]

1. e4 e6 2. d4 d5 3. Nd2 Nf6 4. e5 Nfd7 5. Bd3 c5 6. c3 Nc6 7. Ne2 cxd4 8. cxd4
f6 9. exf6 Nxf6 10. O-O Bd6 11. Nf3 Qc7 12. Bg5 O-O 13. Bh4 Nh5 14. Qc2 h6 15.
Bg6 Nf4 16. Nxf4 Bxf4 17. Bg3 Qb6 18. Rad1 Bd7 19. Bxf4 Rxf4 20. Qd2 Raf8 21.
Rfe1 R8f6 22. Bb1 Be8 23. Rxe6 Bh5 24. Rde1 Bxf3 25. Re8+ Kf7 26. gxf3 Rxf3 27.
Qe2 Qc7 28. Bh7 g5 29. Bg8+ Kg7 30. Bxd5 Rxf2 31. Qh5 Qf4 32. R1e7+ Nxe7 33.
Rxe7+ Kh8 34. Re8+ Kg7 1/2-1/2

[Event "Calvia Amateur Open"]
[Site "Mallorca"]
[Date "2008.10.13"]
[Round "4.6"]
[White "Lopez Colon, Francisco"]
[Black "Anibal, Joaquim"]
[Result "1-0"]
[WhiteElo "2249"]
[BlackElo "2167"]
[PlyCount "57"]
[EventDate "2008.10.10"]
[EventType "swiss"]
[EventRounds "9"]
[EventCountry "ESP"]

1. d4 Nf6 2. c4 c5 3. d5 e6 4. Nc3 exd5 5. cxd5 d6 6. e4 Be7 7. f4 Nfd7 8. Nf3
f6 9. Bd3 Na6 10. O-O Nb4 11. Bb5 O-O 12. Nh4 Nb6 13. a3 Na6 14. f5 Nd7 15. Ne2
Ne5 16. Nf4 Nc7 17. Be2 Bd7 18. Bh5 Be8 19. Nhg6 hxg6 20. Bxg6 Bxg6 21. fxg6
Nxg6 22. Nxg6 Kf7 23. Qh5 Qe8 24. Nxf8+ Kxf8 25. Qh7 Qf7 26. Bd2 Re8 27. Rf3
Qg8 28. Qf5 Nb5 29. Be3 1-0

[Event "Calvia Amateur Open"]
[Site "Mallorca"]
[Date "2008.10.13"]
[Round "4.7"]
[White "Galiana Salom, Juan Ramon"]
[Black "Serra Olives, Tomas"]
[Result "0-1"]
[WhiteElo "2223"]
[BlackElo "2156"]
[PlyCount "56"]
[EventDate "2008.10.10"]
[EventType "swiss"]
[EventRounds "9"]
[EventCountry "ESP"]

1. e4 c5 2. Nf3 Nc6 3. d4 cxd4 4. Nxd4 Nf6 5. Nc3 e5 6. Ndb5 d6 7. Bg5 a6 8.
Na3 b5 9. Bxf6 gxf6 10. Nd5 f5 11. exf5 Bxf5 12. c3 Bg7 13. Nc2 O-O 14. Nce3
Be6 15. Bd3 f5 16. Qh5 e4 17. Bc2 Be5 18. g4 Ne7 19. Nxe7+ Qxe7 20. gxf5 Bf7
21. Qg4+ Kh8 22. Bxe4 d5 23. Bc2 d4 24. f6 Bxf6 25. Qh3 Be6 26. Qh5 dxe3 27.
O-O-O exf2 28. Rhf1 Bc4 0-1

[Event "Calvia Amateur Open"]
[Site "Mallorca"]
[Date "2008.10.13"]
[Round "4.8"]
[White "Fabregas Fontanet, Antonio"]
[Black "Scherer, Helmut"]
[Result "0-1"]
[WhiteElo "2069"]
[BlackElo "2299"]
[PlyCount "108"]
[EventDate "2008.10.10"]
[EventType "swiss"]
[EventRounds "9"]
[EventCountry "ESP"]

1. e4 e5 2. Nf3 Nc6 3. d4 exd4 4. Nxd4 Qh4 5. Nf5 Qxe4+ 6. Ne3 Bb4+ 7. Nd2
Bxd2+ 8. Bxd2 Nge7 9. Bd3 Qh4 10. g3 Qh3 11. Bc3 O-O 12. Qf3 d5 13. Nxd5 Nxd5
14. Qxd5 Bg4 15. Kd2 Rad8 16. Qg5 f6 17. Qc5 Bf5 18. Rad1 Bxd3 19. cxd3 Qe6 20.
b3 Rd5 21. Qe3 Qd6 22. Kc2 Rd8 23. Rd2 a5 24. Re1 a4 25. Qe6+ Qxe6 26. Rxe6 Kf7
27. Re4 axb3+ 28. axb3 Re8 29. f4 Ra8 30. Kb2 f5 31. Rc4 g6 32. h3 Ke6 33. Bg7
Kd7 34. d4 Rda5 35. Be5 Ra2+ 36. Kc3 Rxd2 37. Kxd2 Ra2+ 38. Rc2 Rxc2+ 39. Kxc2
Ne7 40. Kd3 h5 41. h4 Nd5 42. Bg7 Kc6 43. Bf8 Kb5 44. Ba3 Kc6 45. Bf8 Nf6 46.
Bb4 Kd5 47. Be1 Ne4 48. Ke3 c5 49. dxc5 Nxc5 50. b4 Ne4 51. Kd3 b5 52. Bc3 Nxc3
53. Kxc3 Ke4 54. Kc2 Kf3 0-1

[Event "Calvia Amateur Open"]
[Site "Mallorca"]
[Date "2008.10.13"]
[Round "4.9"]
[White "Tscharotschkin, Michael"]
[Black "Munar Rossello, Pedro"]
[Result "1/2-1/2"]
[WhiteElo "2263"]
[BlackElo "2098"]
[PlyCount "85"]
[EventDate "2008.10.10"]
[EventType "swiss"]
[EventRounds "9"]
[EventCountry "ESP"]

1. e4 g6 2. d4 Bg7 3. c4 d6 4. Nc3 Nf6 5. Nf3 O-O 6. Be2 e5 7. d5 a5 8. O-O Na6
9. Ne1 Nc5 10. f3 Nh5 11. Be3 Nf4 12. g3 Nxe2+ 13. Qxe2 f5 14. Ng2 Rf7 15. Rad1
b6 16. exf5 Bxf5 17. g4 Bd7 18. Ne4 Nxe4 19. fxe4 Bf6 20. Bh6 Qe7 21. h3 Bg5
22. Rxf7 Kxf7 23. Rf1+ Kg8 24. Bxg5 Qxg5 25. Qf3 Qe7 26. g5 Rf8 27. Qxf8+ Qxf8
28. Rxf8+ Kxf8 29. h4 b5 30. cxb5 Bxb5 31. Kf2 c6 32. Ne3 Ke7 33. Kf3 a4 34.
dxc6 Bxc6 35. Ng4 Ke6 36. Nf6 h5 37. Ke3 Bb5 38. Nd5 Bc4 39. Nc3 Kd7 40. Nxa4
Bxa2 41. b4 Kc6 42. Nc3 Bc4 43. Kf3 1/2-1/2

[Event "Calvia Amateur Open"]
[Site "Mallorca"]
[Date "2008.10.13"]
[Round "4.10"]
[White "Schenk Papke, Andres"]
[Black "Ehsan, Ali"]
[Result "0-1"]
[WhiteElo "2088"]
[BlackElo "2241"]
[PlyCount "64"]
[EventDate "2008.10.10"]
[EventType "swiss"]
[EventRounds "9"]
[EventCountry "ESP"]

1. Nf3 d5 2. d4 c5 3. dxc5 Nf6 4. c4 e6 5. Nc3 Bxc5 6. cxd5 exd5 7. e3 O-O 8.
Be2 Nc6 9. O-O a6 10. a3 Ba7 11. b4 Qd6 12. Bb2 Rd8 13. Rc1 Qe7 14. Na4 Ne4 15.
Nd4 Ne5 16. Qc2 Bd7 17. Rfd1 Qf6 18. f3 Nd6 19. Nc5 Be8 20. Ndb3 Qh6 21. f4
Nec4 22. Bd4 Nxa3 23. Qb2 Nac4 24. Bxc4 Nxc4 25. Qc2 Nd6 26. Nd3 Nb5 27. Qb2
Nxd4 28. exd4 Bb5 29. g3 Re8 30. Ne5 f6 31. Nd3 Qh5 32. Nbc5 Re2 0-1

[Event "Calvia Amateur Open"]
[Site "Mallorca"]
[Date "2008.10.13"]
[Round "4.11"]
[White "Avila Jimenez, Javier"]
[Black "Alonso Jimenez, Joan"]
[Result "1-0"]
[WhiteElo "2217"]
[BlackElo "2069"]
[PlyCount "65"]
[EventDate "2008.10.10"]
[EventType "swiss"]
[EventRounds "9"]
[EventCountry "ESP"]

1. d4 Nf6 2. c4 c5 3. d5 b5 4. Qc2 d6 5. e4 g6 6. cxb5 Bg7 7. Nc3 O-O 8. Nf3
Nbd7 9. h3 a6 10. a4 axb5 11. Bxb5 Ba6 12. O-O Qc7 13. Re1 Bxb5 14. Nxb5 Qb7
15. Bd2 Rfb8 16. Bc3 Nb6 17. b3 Ne8 18. Bxg7 Kxg7 19. Nd2 Nc7 20. Nxc7 Qxc7 21.
b4 Nd7 22. b5 Qa5 23. Nc4 Qc7 24. Reb1 Ne5 25. a5 f5 26. exf5 gxf5 27. Nxe5
dxe5 28. Qxf5 Rf8 29. Qg4+ Kh8 30. b6 Qb7 31. Qe6 c4 32. Qxe5+ Rf6 33. a6 1-0

[Event "Calvia Amateur Open"]
[Site "Mallorca"]
[Date "2008.10.13"]
[Round "4.12"]
[White "Juan Mas, Santiago"]
[Black "Eriksson, Jorgen"]
[Result "0-1"]
[WhiteElo "2095"]
[BlackElo "2217"]
[PlyCount "96"]
[EventDate "2008.10.10"]
[EventType "swiss"]
[EventRounds "9"]
[EventCountry "ESP"]

1. e4 e6 2. d3 d5 3. Nd2 Nf6 4. Ngf3 b6 5. e5 Nfd7 6. d4 c5 7. c3 Be7 8. Bd3
Ba6 9. Nf1 Bxd3 10. Qxd3 Nc6 11. a3 Na5 12. Ng3 cxd4 13. cxd4 Qc7 14. Nh5 g6
15. Nf4 Qc4 16. Bd2 Nb3 17. Qxc4 dxc4 18. Rd1 g5 19. Ne2 g4 20. Nfg1 O-O-O 21.
Bc3 b5 22. Nf4 Nb6 23. Nge2 Bg5 24. h4 Bxf4 25. Nxf4 h5 26. O-O Nd5 27. Ne2 Kb7
28. Rfe1 a5 29. Bd2 Nxd2 30. Rxd2 Rc8 31. Rc2 Rc7 32. Rec1 Kb6 33. a4 Nb4 34.
Rd2 Nd3 35. Ra1 Rd8 36. axb5 Nxe5 37. Nc3 Nd3 38. b3 Rxd4 39. bxc4 Rcxc4 40.
Ne2 Rd5 41. Rad1 Nb4 42. Rxd5 Nxd5 43. Ng3 a4 44. Nxh5 a3 45. Ra1 Ra4 46. Ng3
Nc3 47. Kf1 a2 48. Ke1 Rd4 0-1

[Event "Calvia Amateur Open"]
[Site "Mallorca"]
[Date "2008.10.13"]
[Round "4.13"]
[White "Santos Folch, Adolfo"]
[Black "Eppinger, Georg"]
[Result "0-1"]
[WhiteElo "2084"]
[BlackElo "2210"]
[PlyCount "64"]
[EventDate "2008.10.10"]
[EventType "swiss"]
[EventRounds "9"]
[EventCountry "ESP"]

1. e4 c5 2. Nf3 Nc6 3. d4 cxd4 4. Nxd4 Nf6 5. Nc3 d6 6. Bg5 e6 7. Qd2 a6 8.
O-O-O h6 9. Nxc6 bxc6 10. Bf4 d5 11. Qe3 Be7 12. Be2 O-O 13. Qg3 Kh8 14. Bc7
Qd7 15. Be5 Ne8 16. exd5 exd5 17. Rhe1 Bf6 18. f4 Bxe5 19. fxe5 Qf5 20. h4 Nc7
21. Rf1 Qe6 22. Bh5 Qe7 23. Rd4 Nb5 24. Ra4 Nxc3 25. Qxc3 c5 26. Ra5 Qxh4 27.
Qxc5 Be6 28. Bf3 Qf4+ 29. Kb1 Qxe5 30. Rxa6 Rab8 31. Rb6 Rfc8 32. Rxb8 Rxb8 {
indescifrable} 0-1

[Event "Calvia Amateur Open"]
[Site "Mallorca"]
[Date "2008.10.13"]
[Round "4.14"]
[White "Planas Gene, Juan"]
[Black "Segui Patino, Javier"]
[Result "1-0"]
[WhiteElo "2184"]
[BlackElo "2035"]
[PlyCount "97"]
[EventDate "2008.10.10"]
[EventType "swiss"]
[EventRounds "9"]
[EventCountry "ESP"]

1. d4 d5 2. c4 e6 3. Nc3 c5 4. cxd5 exd5 5. Nf3 Nc6 6. g3 Nf6 7. Bg2 Be7 8. O-O
O-O 9. b3 Ne4 10. Bb2 Bf6 11. Na4 Re8 12. Rc1 b6 13. dxc5 Bxb2 14. Nxb2 bxc5
15. Nd2 Nxd2 16. Qxd2 Ba6 17. Rfe1 Qf6 18. Rxc5 Nd4 19. Nd3 Rad8 20. Nf4 Bb7
21. e3 Ne6 22. Nxe6 fxe6 23. Rc7 Re7 24. Rec1 Rf8 25. Rxe7 Qxe7 26. Qd4 Qf7 27.
f4 Ba6 28. Qe5 Qg6 29. e4 Bb7 30. exd5 Bxd5 31. Bxd5 exd5 32. Qxd5+ Kh8 33. Qc5
Re8 34. Qxa7 Qe4 35. Qf2 h6 36. Rc2 Rd8 37. Rc1 Re8 38. h3 Qd3 39. Re1 Rc8 40.
Qe3 Qf5 41. g4 Qd5 42. f5 Qd6 43. h4 Qf6 44. Qf2 Ra8 45. a4 Rb8 46. Re3 Qa1+
47. Kg2 Qd1 48. g5 Rxb3 49. Re8+ 1-0

[Event "Calvia Amateur Open"]
[Site "Mallorca"]
[Date "2008.10.13"]
[Round "4.15"]
[White "Mercant Simon, Jaime"]
[Black "Hoenick, Andreas"]
[Result "0-1"]
[WhiteElo "2029"]
[BlackElo "2172"]
[PlyCount "100"]
[EventDate "2008.10.10"]
[EventType "swiss"]
[EventRounds "9"]
[EventCountry "ESP"]

1. e4 e6 2. d4 d5 3. e5 c5 4. Qg4 Nc6 5. Nf3 h5 6. Qg3 Nh6 7. Bxh6 Rxh6 8. dxc5
Qa5+ 9. c3 Qxc5 10. Nbd2 Bd7 11. Qf4 f6 12. Bd3 g5 13. Qg3 g4 14. Nb3 Qb6 15.
exf6 gxf3 16. Bg6+ Kd8 17. gxf3 Qc7 18. f4 Be8 19. f7 Bxf7 20. Qg5+ Ke8 21. Bd3
Qe7 22. Qg3 h4 23. Qh3 Kd8 24. O-O-O Kc7 25. Rhe1 Qd6 26. f5 Qf4+ 27. Kb1 e5
28. f3 Rd8 29. Rg1 Bh5 30. Rdf1 Kb8 31. Bc2 Be7 32. Nc1 Bf6 33. Rg2 Rh7 34. Rg6
Bxg6 35. fxg6 Re7 36. Rg1 d4 37. Nd3 Qe3 38. Re1 Qg5 39. Nc5 d3 40. Nxd3 e4 41.
fxe4 Qb5 42. Nf4 Na5 43. a4 Qb6 44. b4 Nc4 45. Ka2 Qf2 46. Kb3 Nd2+ 47. Kb2
Qxf4 48. Qg2 Nc4+ 49. Kb3 Qe5 50. Qh3 Rc7 0-1

[Event "Calvia Amateur Open"]
[Site "Mallorca"]
[Date "2008.10.14"]
[Round "5.1"]
[White "Gaya Llodra, Juan"]
[Black "Massanet Massanet, Sebastian"]
[Result "1/2-1/2"]
[WhiteElo "2257"]
[BlackElo "2299"]
[PlyCount "137"]
[EventDate "2008.10.10"]
[EventType "swiss"]
[EventRounds "9"]
[EventCountry "ESP"]

1. d4 d5 2. g3 Nf6 3. Bg2 e6 4. Nf3 Be7 5. c4 dxc4 6. Qa4+ Bd7 7. Qxc4 Bc6 8.
Nc3 a6 9. Qd3 b5 10. a3 Qc8 11. Bg5 Qb7 12. O-O Nbd7 13. Rac1 Rd8 14. Qc2 Rc8
15. e4 Bxe4 16. Nxe4 Qxe4 17. Qd2 c5 18. Ne5 Qf5 19. Bxf6 Nxf6 20. Bc6+ Kf8 21.
Bb7 Rd8 22. Nc6 Rd6 23. Qa5 g6 24. dxc5 Qh3 25. f3 Rd7 26. Nxe7 Rxb7 27. c6
Rxe7 28. c7 Kg7 29. c8=Q Rxc8 30. Rxc8 Rd7 31. Qb4 Nd5 32. Qd4+ Nf6 33. Qb4 Nd5
34. Qd4+ Nf6 35. Qc3 Qf5 36. Rc5 Qh3 37. Rc8 Qf5 38. Rc5 Qh3 39. Rc1 Qh6 40. f4
Qh3 41. Rc8 Qg4 42. Re1 a5 43. Qc5 Nh5 44. Qe5+ Nf6 45. Qc5 Nh5 46. Qe5+ Nf6
47. Qe2 Qf5 48. b4 axb4 49. axb4 Rd5 50. Rc3 Nd7 51. Re3 Rd4 52. Qb2 Qf6 53.
R3e2 Nb6 54. Re4 Rxe4 55. Qxf6+ Kxf6 56. Rxe4 Nd5 57. Kf2 Kf5 58. Re5+ Kf6 59.
Re4 g5 60. Kf3 gxf4 61. gxf4 Kf5 62. Re5+ Kf6 63. Ke4 Nxb4 64. Rxb5 Nd5 65. Rc5
Ne7 66. Rh5 Kg6 67. Rg5+ Kf6 68. Rh5 Kg6 69. Rg5+ 1/2-1/2

[Event "Calvia Amateur Open"]
[Site "Mallorca"]
[Date "2008.10.14"]
[Round "5.2"]
[White "Spence, David J"]
[Black "Lopez Colon, Francisco"]
[Result "1-0"]
[WhiteElo "2214"]
[BlackElo "2249"]
[PlyCount "71"]
[EventDate "2008.10.10"]
[EventType "swiss"]
[EventRounds "9"]
[EventCountry "ESP"]

1. e4 d6 2. d4 Nf6 3. Nc3 g6 4. Bg5 Bg7 5. Qd2 h6 6. Bh4 g5 7. Bg3 Nh5 8. O-O-O
Nc6 9. Nge2 e6 10. d5 Ne7 11. dxe6 fxe6 12. f3 Nxg3 13. Nxg3 Rf8 14. Nh5 Be5
15. Be2 Ng6 16. g3 c6 17. Rhf1 Qa5 18. f4 Bxc3 19. bxc3 d5 20. Qd4 e5 21. fxe5
Bh3 22. Rxf8+ Nxf8 23. Nf6+ Kf7 24. Bh5+ Kg7 25. exd5 cxd5 26. e6 Nxe6 27. Ne8+
Kg8 28. Nf6+ Kg7 29. Qe5 Qa3+ 30. Kb1 Kf8 31. Nxd5 Kg8 32. Nf6+ Kh8 33. Ng4+
Ng7 34. Rd7 Qf8 35. Rf7 Qg8 36. Rf6 1-0

[Event "Calvia Amateur Open"]
[Site "Mallorca"]
[Date "2008.10.14"]
[Round "5.3"]
[White "Lacrosse, Marc"]
[Black "Eriksson 1941, Bo"]
[Result "0-1"]
[WhiteElo "2181"]
[BlackElo "2115"]
[PlyCount "22"]
[EventDate "2008.10.10"]
[EventType "swiss"]
[EventRounds "9"]
[EventCountry "ESP"]

1. d4 d5 2. c4 Nc6 3. cxd5 Qxd5 4. e3 e5 5. Nc3 Bb4 6. Bd2 Bxc3 7. bxc3 Qd6 8.
Qb3 Nf6 9. Bc1 exd4 10. Ba3 Qd5 11. cxd4 Qa5+ 0-1

[Event "Calvia Amateur Open"]
[Site "Mallorca"]
[Date "2008.10.14"]
[Round "5.4"]
[White "Serra Olives, Tomas"]
[Black "Barcelo Pujadas, Pedro Jose"]
[Result "0-1"]
[WhiteElo "2156"]
[BlackElo "2269"]
[PlyCount "77"]
[EventDate "2008.10.10"]
[EventType "swiss"]
[EventRounds "9"]
[EventCountry "ESP"]

1. e4 e6 2. d4 d5 3. Nc3 Nf6 4. e5 Nfd7 5. f4 c5 6. Nf3 Nc6 7. Be3 a6 8. Qd2 b5
9. a3 Qb6 10. Be2 cxd4 11. Nxd4 Bc5 12. Rd1 g5 13. g3 Bb7 14. Ne4 Bxd4 15. Nd6+
Ke7 16. Bxd4 Qxd4 17. Qxd4 Nxd4 18. Rxd4 Bc6 19. Bh5 Raf8 20. Rd3 d4 21. O-O
gxf4 22. gxf4 Rhg8+ 23. Rg3 f6 24. Re1 fxe5 25. fxe5 Nxe5 26. Nxb5 axb5 27.
Rxe5 Kd6 28. Reg5 Rxg5 29. Rxg5 e5 30. Be2 e4 31. Rh5 Rg8+ 32. Kf1 e3 33. Rh6+
Rg6 34. Rxg6+ hxg6 35. Bd3 g5 36. c3 dxc3 37. bxc3 Ke5 38. Ke1 Kf4 39. Ke2 {
irreproducible} 0-1

[Event "Calvia Amateur Open"]
[Site "Mallorca"]
[Date "2008.10.14"]
[Round "5.5"]
[White "Scherer, Helmut"]
[Black "Planas Gene, Juan"]
[Result "1-0"]
[WhiteElo "2299"]
[BlackElo "2184"]
[PlyCount "53"]
[EventDate "2008.10.10"]
[EventType "swiss"]
[EventRounds "9"]
[EventCountry "ESP"]

1. e4 c5 2. Nf3 Nc6 3. Bb5 g6 4. c3 Bg7 5. d4 cxd4 6. cxd4 Qb6 7. Nc3 e6 8. e5
Nge7 9. O-O Nf5 10. Bxc6 dxc6 11. Ne4 O-O 12. g4 Ne7 13. Bg5 Nd5 14. Nf6+ Kh8
15. Qc1 c5 16. dxc5 Qb4 17. a3 Qb3 18. Kg2 b6 19. c6 Ba6 20. Re1 Rac8 21. Nd4
Qa4 22. Qd2 Bc4 23. Rac1 Ne7 24. Rc3 Nd5 25. Rh3 Bxf6 26. Bxf6+ Nxf6 27. exf6
1-0

[Event "Calvia Amateur Open"]
[Site "Mallorca"]
[Date "2008.10.14"]
[Round "5.6"]
[White "Garcia Del Rey, Senen"]
[Black "Andersen, Mads"]
[Result "0-1"]
[WhiteElo "2295"]
[BlackElo "2156"]
[PlyCount "86"]
[EventDate "2008.10.10"]
[EventType "swiss"]
[EventRounds "9"]
[EventCountry "ESP"]

1. c4 Nf6 2. g3 e5 3. Bg2 Nc6 4. Nc3 Bb4 5. Nd5 Bc5 6. e3 d6 7. Ne2 Nxd5 8.
cxd5 Ne7 9. d4 exd4 10. Nxd4 O-O 11. O-O Bd7 12. h3 Bb6 13. Kh2 c6 14. dxc6
bxc6 15. b3 d5 16. Bb2 Rc8 17. b4 Ng6 18. Nb3 Re8 19. Qd2 Ne5 20. Qc3 f6 21.
Rad1 Qe7 22. Nd4 Kh8 23. Qb3 Rb8 24. Qc3 Nc4 25. a3 a5 26. Nc2 axb4 27. Nxb4
Ba5 28. Ba1 Bxb4 29. axb4 Bf5 30. e4 Bxe4 31. Rfe1 Qf7 32. Bxe4 Rxe4 33. Rxe4
dxe4 34. Rd4 Ne5 35. Rxe4 Ra8 36. Rd4 h6 37. Kg2 Qb7 38. Rf4 c5+ 39. f3 cxb4
40. Rxb4 Qa6 41. Rb2 Qxa1 42. Rb8+ Kh7 43. Qc2+ Ng6 0-1

[Event "Calvia Amateur Open"]
[Site "Mallorca"]
[Date "2008.10.14"]
[Round "5.8"]
[White "Eppinger, Georg"]
[Black "Avila Jimenez, Javier"]
[Result "0-1"]
[WhiteElo "2210"]
[BlackElo "2217"]
[PlyCount "37"]
[EventDate "2008.10.10"]
[EventType "swiss"]
[EventRounds "9"]
[EventCountry "ESP"]

1. e4 d5 2. exd5 Qxd5 3. Nc3 Qa5 4. d4 Nf6 5. Bc4 Nc6 6. d5 Nb4 7. Nge2 Bf5 8.
O-O O-O-O 9. Nd4 Bg4 10. f3 Qc5 11. Bb3 e5 12. Be3 Bd7 13. Nf5 Qa5 14. Ng3 Bd6
15. Bd2 Qb6+ 16. Kh1 Nfxd5 17. Qe2 Nf4 18. Bxf4 exf4 19. Nge4 0-1

[Event "Calvia Amateur Open"]
[Site "Mallorca"]
[Date "2008.10.14"]
[Round "5.9"]
[White "Eriksson, Jorgen"]
[Black "Perez Prieto, German"]
[Result "1-0"]
[WhiteElo "2217"]
[BlackElo "2009"]
[PlyCount "68"]
[EventDate "2008.10.10"]
[EventType "swiss"]
[EventRounds "9"]
[EventCountry "ESP"]

1. d4 Nf6 2. Bg5 e6 3. Nd2 c5 4. e3 cxd4 5. exd4 Be7 6. Ngf3 b6 7. Bd3 Bb7 8.
O-O d6 9. Re1 Nbd7 10. a4 h6 11. Bh4 O-O 12. a5 bxa5 13. Nc4 Bxf3 14. Qxf3 d5
15. Nxa5 Qb6 16. c3 Bd6 17. Qe2 Rab8 18. b3 Qc7 19. Bg3 Bxg3 20. hxg3 Qxc3 21.
Rec1 Qxd4 22. Nc6 Qb6 23. Nxb8 Rxb8 24. Ra6 Qd4 25. Ra4 Rb4 26. Rc8+ Nf8 27.
Qc2 Rxa4 28. bxa4 e5 29. Qc5 Qxd3 30. Qxf8+ Kh7 31. Qxf7 Qd1+ 32. Kh2 Qg4 33.
Rc7 h5 34. Qxf6 h4 1-0

[Event "Calvia Amateur Open"]
[Site "Mallorca"]
[Date "2008.10.14"]
[Round "5.10"]
[White "Hoenick, Andreas"]
[Black "Martinez Vicario, Jose Maria"]
[Result "1-0"]
[WhiteElo "2172"]
[BlackElo "2214"]
[PlyCount "95"]
[EventDate "2008.10.10"]
[EventType "swiss"]
[EventRounds "9"]
[EventCountry "ESP"]

1. d4 f5 2. g3 Nf6 3. Bg2 g6 4. Nf3 Bg7 5. c4 O-O 6. O-O d6 7. Nc3 c6 8. d5 e5
9. dxe6 Bxe6 10. Qd3 Ng4 11. b3 Na6 12. Bb2 Qe7 13. Rad1 Rad8 14. Ba3 Nc5 15.
Qd2 Rfe8 16. e3 Bf7 17. Rfe1 Bxc3 18. Qxc3 Ne4 19. Qc2 Ngxf2 20. Rd2 Nxd2 21.
Nxd2 Ng4 22. Bb2 Qc7 23. Qc3 Ne5 24. Nf3 Qb6 25. Kh1 Rd7 26. c5 Qxc5 27. Qxc5
dxc5 28. Bxe5 Bd5 29. Bf4 Rde7 30. Kg1 Kg7 31. Kf2 h6 32. Bd6 Bxf3 33. Bxf3 Rd7
34. Bxc5 Rd2+ 35. Re2 Rxe2+ 36. Kxe2 a6 37. Kd3 Kf6 38. a4 Ke5 39. h4 g5 40.
Bd4+ Kd6 41. Bg7 Re6 42. h5 Kc5 43. Bf8+ Kb6 44. Bg7 Kc5 45. Bf8+ Kb6 46. Kd4
Ka5 47. Bd1 Rf6 48. Kc5 1-0

[Event "Calvia Amateur Open"]
[Site "Mallorca"]
[Date "2008.10.14"]
[Round "5.11"]
[White "Schuermans, Robert"]
[Black "Hutchinson, Paul A"]
[Result "0-1"]
[WhiteElo "2128"]
[BlackElo "2213"]
[PlyCount "98"]
[EventDate "2008.10.10"]
[EventType "swiss"]
[EventRounds "9"]
[EventCountry "ESP"]

1. e4 Nc6 2. d4 d5 3. Nc3 Nf6 4. e5 Nd7 5. Nxd5 Ndb8 6. Ne3 Qxd4 7. Qxd4 Nxd4
8. c3 Ne6 9. g3 Nc6 10. f4 g6 11. Nd5 Bd7 12. Be3 O-O-O 13. O-O-O a6 14. h4 h5
15. Rh2 Bh6 16. Rhd2 Rhe8 17. Bh3 Nf8 18. Bxd7+ Nxd7 19. Nf3 e6 20. Nf6 Nxf6
21. exf6 e5 22. Ng5 exf4 23. Bxf4 Bxg5 24. hxg5 Rxd2 25. Rxd2 Ne5 26. Rd5 Ng4
27. Kd2 Re4 28. Rd4 Rxd4+ 29. cxd4 c6 30. Kd3 Kd7 31. Kc4 Nf2 32. b3 b5+ 33.
Kc3 Ke6 34. Bb8 Kd5 35. Kb4 Nd3+ 36. Kc3 Nc1 37. Kb4 Nxa2+ 38. Ka5 Nc1 39. b4
Nb3+ 40. Kxa6 Nxd4 41. Kb6 Ne6 42. Ba7 Nxg5 43. Kc7 Ne4 44. Kd7 Nxf6+ 45. Ke7
Ne4 46. Kxf7 g5 47. Kg6 h4 48. g4 h3 49. Bg1 Nd2 0-1

[Event "Calvia Amateur Open"]
[Site "Mallorca"]
[Date "2008.10.14"]
[Round "5.12"]
[White "Tscharotschkin, Michael"]
[Black "Rhein, Klaus"]
[Result "1-0"]
[WhiteElo "2263"]
[BlackElo "2164"]
[PlyCount "95"]
[EventDate "2008.10.10"]
[EventType "swiss"]
[EventRounds "9"]
[EventCountry "ESP"]

1. e4 c5 2. Nf3 e6 3. c3 Nf6 4. e5 Nd5 5. Bc4 d6 6. exd6 Qxd6 7. O-O Be7 8. d4
cxd4 9. Nxd4 a6 10. Nf5 exf5 11. Bxd5 O-O 12. Qf3 Nc6 13. Bf4 Ne5 14. Bxe5 Qxe5
15. Nd2 Rd8 16. Rfe1 Qc7 17. Rad1 Bf6 18. Nf1 b5 19. Ng3 g6 20. Ne4 Rd6 21.
Nxf6+ Rxf6 22. Rd4 Be6 23. Bxe6 Rxe6 24. Rxe6 fxe6 25. Qd1 Re8 26. h3 Re7 27.
Rd8+ Kg7 28. Qd4+ e5 29. Qd5 Qc4 30. Qd6 Qe6 31. Qa3 Qf6 32. Rd6 Re6 33. Rd7+
Kh6 34. Qc5 g5 35. Qc7 Qg6 36. Qc5 Qf6 37. Qd5 e4 38. Qb7 Qg6 39. Qb8 Rf6 40.
Qg3 f4 41. Qg4 Rd6 42. Re7 e3 43. fxe3 fxe3 44. h4 Qb1+ 45. Kh2 Rg6 46. hxg5+
Rxg5 47. Re6+ Rg6 48. Qf4+ 1-0